Machinery of justice in England (Record no. 203904)

MARC details
000 -LEADER
fixed length control field 00399nam a2200157Ia 4500
008 - FIXED-LENGTH DATA ELEMENTS--GENERAL INFORMATION
fixed length control field 230917s9999||||xx |||||||||||||| ||und||
040 ## - CATALOGING SOURCE
-- 80095
Original cataloging agency VIVEKANANDA LIBRARY
041 ## - Language
-- English
082 ## - DDC NUMBER
Classification number 340.942 J137M
100 ## - MAIN ENTRY--PERSONAL NAME
Personal name Jackson, R M
245 #0 - TITLE STATEMENT
Title Machinery of justice in England
250 ## - EDITION STATEMENT
Edition statement 7th ed.
260 ## - PUBLICATION, DISTRIBUTION, ETC. (IMPRINT)
Place of publication, distribution, etc Cambridge
Name of publisher, distributor, etc Cmbridge University Press
Date of publication, distribution, etc 1979
300 ## - PHYSICAL DESCRIPTION
Pages xii, 627 p.
942 ## - ADDED ENTRY ELEMENTS (KOHA)
Koha item type Books
Holdings
Withdrawn status Lost status Damaged status Not for loan Location (home branch) Sublocation or collection (holding branch) Date acquired Koha issues (times borrowed) Koha full call number Accession No. Koha date last seen Koha item type
        VIVEKANANDA LIBRARY VIVEKANANDA LIBRARY 10/03/2003 1 340.942 J137M 64286 02/05/2025 Books
© Designed and Maintained by Vivekananda Library, MDU Rohtak